000 00590nam a2200277Ia 4500
005 20260401122159.0
008 008 250103s9999 xx 000 0 eng d
020 _a8126014121
037 _aTB
040 _aEDL
040 _beng
040 _cEDL
041 _2eng
041 _aeng
084 _a891.1 BHA
084 _qEDL
245 0 _aIndology: Past, Present and Future
260 _aNew Delhi
260 _bSahitya Akademi
260 _c2004
300 _a237p
942 _cTB
942 _h891.1 BHA
999 _c1845446
_d1845446